000 00487nam a2200193Ia 4500
008 170918s9999 xx 000 0 und d
020 _a9780439388481
050 _bM969 2000
100 _aMunsch, Robert
245 _aAaron's hair /
245 _cRobert Munsch ; illustrated by Alan Daniel and Lea Daniel.
260 _aNew York :
260 _bScholastic,
260 _c2000
300 _a26 pages :
300 _bcolored illustration ;
300 _c20cm.
500 _a190
999 _c342479
_d342479